A Concise dictionary of English slang and colloquialisms
Αποθηκεύτηκε σε:
| Κύριος συγγραφέας: | |
|---|---|
| Μορφή: | Βιβλίο |
| Γλώσσα: | English |
| Δημοσίευση: |
London :
Hodder and Stoughton,
1986
|
| Έκδοση: | 3rd ed. |
| Θέματα: | |
| Ετικέτες: |
Προσθήκη ετικέτας
Δεν υπάρχουν, Καταχωρήστε ετικέτα πρώτοι!
|
MARC
| LEADER | 00000nam a2200000 i 4500 | ||
|---|---|---|---|
| 001 | 1/29561 | ||
| 008 | 941103s19861987 eng d | ||
| 020 | |a 0340388129 | ||
| 035 | |a 1988 |l 10038351 | ||
| 040 | |a GR-MY-UA |b gre |e aacr | ||
| 041 | 0 | |a eng | |
| 082 | 0 | |a 427.09 | |
| 100 | 1 | |a Phythian, B. | |
| 245 | 1 | 2 | |a A Concise dictionary of English slang and colloquialisms / |c B.A. Phythian |
| 250 | |a 3rd ed. | ||
| 260 | |a London : |b Hodder and Stoughton, |c 1986 | ||
| 300 | |a ix, 196 p.; |c 22 cm. | ||
| 650 | 0 | 0 | |a English language |x Slang |x Dictionaries. |
| 852 | |a INST |b CHIOS |e 20000802 |h 427.09 PHY |p 005200017547 |q 005200017547 |t REF |y 23 | ||
| 852 | |a INST |b SAMOS |e 19941103 |h 427.09 PHY |p 005300011849 |q 005300011849 |t REF |y 23 | ||
| 909 | |a Σ |b 010965 | ||
| 909 | |a Χ |b 001405 | ||